00353nam a2200157Ia 4500008004100000020001500041041001200056082001100068100001500079245003400094250000800128260002500136300000800161650000800169700001800177221030s9999 xx 000 0 und d a0070634556 aEnglish a105.23 aJ. Millman 0aElectronic Deivces & Circuits a2nd bTMHaNew Delhic2009 a656 aECE aC. C. Halkias